| 000 | 00372nam a2200157Ia 4500 | ||
|---|---|---|---|
| 008 | 240624s9999 xx 000 0 und d | ||
| 041 | _aeng | ||
| 082 | _a332.64 WIL | ||
| 100 | _aWILMOTT PAUL | ||
| 245 | _aPAUL WILMOTT ON QUANTITATIVE FINANCE 3 V | ||
| 250 | _a(2nd ed.) | ||
| 260 |
_c2006 _aChichester _bWiley |
||
| 300 | _a1500 : p. | ||
| 365 |
_c _b25 |
||
| 440 | _v1 | ||
| 999 |
_c16685 _d16685 |
||